000 00376cam a22001331a 4500
082 _a297.63
_bGAU
_cL-31,P-55
100 1 _aGauba, Khalid Latif,
_937440
245 1 4 _aThe prophet of the desert /
_cby K.L. Gauba.
260 _aLahore :
_bLion Press,
_c1963.
300 _a249 p. ;
_c19 cm.
526 _a0
_b0
_c0
_d297_630000000000000_GAU
650 _aMCE
_9379
942 _2ddc
_cBK
999 _c542304
_d542304